| 000 | 00956nam a22001937a 4500 | ||
|---|---|---|---|
| 003 | OSt | ||
| 005 | 20260429114514.0 | ||
| 008 | 260429b |||||||| |||| 00| 0 eng d | ||
| 040 |
_aRTL _cRTL |
||
| 084 |
_aX9(J):(Y).2.N7 L4/TD _qRTL |
||
| 100 | _aBeteille, Andre | ||
| 245 | _aStudies in Agrarian Social Structure | ||
| 260 |
_aDelhi _bOxford University Press _c1974 |
||
| 300 | _bIncludes bibliographical references and index | ||
| 520 | _aStudies in Agrarian Social Structure (1974) by André Béteille is a seminal work examining the organization of land, labor, and social hierarchy in rural India. It analyzes agrarian systems as a network of relationships between landowners, tenants, and labourers, deeply influenced by caste, class, and colonial-era land tenure systems like Zamindari and Ryotwari | ||
| 650 | _aAgriculture | ||
| 650 |
_aSocial Structure _9702951 |
||
| 942 |
_2CC _n0 _cTB _hX9(J):(Y).2.N7 L4/TD |
||
| 999 |
_c1848630 _d1848630 |
||